000 00496nam a2200193Ia 4500
005 20140405100308.0
008 140130s9999 xx 000 0 und d
020 _a0763604607
050 _aQA 113
_b.H45 1998
100 _aHenderson, Kathy
_931184
245 _cHenderson, Kathy
_aCounting farm /
260 _bScholastic,
_c1998.
_aU.S.A :
300 _a1 v. (unpaged) :
_bcol. ill. ;
_c17 cm.
440 _v1
_931174
521 _aBR
526 _cBR
942 _cBK
_2lcc
999 _c41599
_d41599